01737nam a2200385 a 4500001001000000003000900010005001700019007000300036008004100039020001500080040002500095082001700120245009200137260003700229300002000266504007300286504002800359650005400387650003200441650002600473651005300499651005900552700002600611700003200637700002400669700003300693700002700726710005500753942001400808952014000822952014000962952011401102952012001216999001501336000005977DO-SdBNP20251027102923.0ta090825s1996 dr 000 0 spa d a8492184507 aDO-SdBNPbspacBNPHU a303.4bC277f03aEl Caribe frente a los retos de la globalización /cPavel Isa Contreras ... [et al.]. aSanto Domingo, :bFLACSO,c1996. a86 p. ;c28 cm. aIncluye referencias bibliográficas y notas al pie de las páginas aIncluye bibliografías 4aPolítica fiscalzCaribe (Región{Rpara}916844 4aMujeres en el caribe916845 4aGlobalización91524 0aCaribe (Región)xPolítica económica987401 4aCaribe (Región)xEmigración e inmigración9874011 aBueno, Lourdes9168471 aDore y Cabral, Carlos969751 aLevy, Horace9168481 aV. Liriano, Alejandra9168491 aManigar, Sabine9168501 aFacultad Latinoamericana de Ciencias Sociales9294 2ddccLBS1 00102ddc52708DSaBNPHUbBNPHUcCTd2009-08-25iLF1l0o303.4 C277fp5977-30r2020-06-25te. 3w2020-06-25yLFDSZPréstamo interno 00102ddc52708DSaBNPHUbBNPHUcCTd2009-08-25iLF1l0o303.4 C277fp5977-40r2020-06-25te. 4w2020-06-25yLFDSZPréstamo interno 0010718PDaPDbPDcCTd2009-08-25iLF1l0o303.4 C277fp5977-10r2020-06-25w2020-06-25yLFPDZNo se presta 0010718PDaPDbPDcCTd2009-08-25iLF1l0o303.4 C277fp5977-20r2020-06-25te. 2w2020-06-25yLFPDZNo se presta c5773d5773